00399nam a2200145Ia 4500003000400000005001700004008004100021040001800062041000800080100004900088110001600137245006200153260002000215710001800235OSt20260318122322.0211028s2018 xx 000 0 und d cAIMIT LIBRARY aeng aFernandes, Cindytha Iria;T, Vanitha.g151725 aSanthosh B. aSentiment analysis of viewer review data using big data / aMangaluruc2018 aMaks infotech